<?xml version="1.0" encoding="UTF-8"?>
<record
    xmlns:xsi="http://www.w3.org/2001/XMLSchema-instance"
    xsi:schemaLocation="http://www.loc.gov/MARC21/slim http://www.loc.gov/standards/marcxml/schema/MARC21slim.xsd"
    xmlns="http://www.loc.gov/MARC21/slim">

  <leader>01731cam a2200397 a 4500</leader>
  <controlfield tag="001">57696</controlfield>
  <controlfield tag="003">CO-BoRNBP</controlfield>
  <controlfield tag="005">20250724145447.0</controlfield>
  <controlfield tag="007">ta</controlfield>
  <controlfield tag="008">940729s1993    ck a    rd    00010dspa d</controlfield>
  <datafield tag="020" ind1=" " ind2=" ">
    <subfield code="a">9586002055 (Obra completa)</subfield>
  </datafield>
  <datafield tag="040" ind1=" " ind2=" ">
    <subfield code="a">la </subfield>
    <subfield code="c">la</subfield>
  </datafield>
  <datafield tag="041" ind1="1" ind2=" ">
    <subfield code="a">spa </subfield>
    <subfield code="h">eng</subfield>
  </datafield>
  <datafield tag="082" ind1="0" ind2="4">
    <subfield code="a">R001.6403 </subfield>
    <subfield code="b">F73d </subfield>
    <subfield code="2">19 ed.</subfield>
  </datafield>
  <datafield tag="100" ind1="1" ind2=" ">
    <subfield code="a">Freedman, Alan.</subfield>
    <subfield code="9">61356</subfield>
  </datafield>
  <datafield tag="245" ind1="1" ind2="0">
    <subfield code="a">Diccionario de computaci&#xF3;n bilingue / </subfield>
    <subfield code="c">Alan Freedman ; traducci&#xF3;n Universidad Blas Pascal, Isabel Morales Jareno ; revisi&#xF3;n y coordinaci&#xF3;n t&#xE9;cnica Luis Joyanes Aguilar.</subfield>
  </datafield>
  <datafield tag="250" ind1=" " ind2=" ">
    <subfield code="a">5a. ed.</subfield>
  </datafield>
  <datafield tag="300" ind1=" " ind2=" ">
    <subfield code="a">3 v. : </subfield>
    <subfield code="b">il., diagrs. ; </subfield>
    <subfield code="c">23 cm. + </subfield>
    <subfield code="e">1 disquete.</subfield>
  </datafield>
  <datafield tag="336" ind1=" " ind2=" ">
    <subfield code="2">rdacontent</subfield>
    <subfield code="a">texto</subfield>
    <subfield code="b">txt</subfield>
  </datafield>
  <datafield tag="337" ind1=" " ind2=" ">
    <subfield code="2">rdamedia</subfield>
    <subfield code="a">sin mediaci&#xF3;n</subfield>
    <subfield code="b">n</subfield>
  </datafield>
  <datafield tag="338" ind1=" " ind2=" ">
    <subfield code="2">rdacarrier</subfield>
    <subfield code="a">volumen</subfield>
    <subfield code="b">nc</subfield>
  </datafield>
  <datafield tag="500" ind1=" " ind2=" ">
    <subfield code="a">Traducido de la 5a. ed. en ingl&#xE9;s de : The computer glossary : the complete illustrated desk reference.</subfield>
  </datafield>
  <datafield tag="500" ind1=" " ind2=" ">
    <subfield code="a">Incluye t&#xE9;rminos por orden alfab&#xE9;tico y t&#xE9;rminos num&#xE9;ricos.</subfield>
  </datafield>
  <datafield tag="500" ind1=" " ind2=" ">
    <subfield code="a">Vocabulario Espa&#xF1;ol-Ingl&#xE9;s al final del v.3.</subfield>
  </datafield>
  <datafield tag="505" ind1="0" ind2=" ">
    <subfield code="a">v.1 A-E. -- v.2 F-O. -- v.3 P-Z ; Vocabulario Espa&#xF1;ol-Ingl&#xE9;s.</subfield>
  </datafield>
  <datafield tag="650" ind1=" " ind2="7">
    <subfield code="a">Computadores</subfield>
    <subfield code="v"> Diccionarios.</subfield>
    <subfield code="2">BLAAUTO</subfield>
    <subfield code="9">61357</subfield>
  </datafield>
  <datafield tag="650" ind1=" " ind2="7">
    <subfield code="a">Inform&#xE1;tica</subfield>
    <subfield code="v"> Diccionarios.</subfield>
    <subfield code="2">BLAAUTO</subfield>
    <subfield code="9">61358</subfield>
  </datafield>
  <datafield tag="650" ind1=" " ind2="7">
    <subfield code="a">Lenguajes de programaci&#xF3;n (Computadores electr&#xF3;nicos)</subfield>
    <subfield code="v"> Diccionarios.</subfield>
    <subfield code="2">BLAAUTO</subfield>
    <subfield code="9">61359</subfield>
  </datafield>
  <datafield tag="650" ind1=" " ind2="7">
    <subfield code="a">Programas para computador</subfield>
    <subfield code="v"> Diccionarios.</subfield>
    <subfield code="2">BLAAUTO</subfield>
    <subfield code="9">61360</subfield>
  </datafield>
  <datafield tag="650" ind1=" " ind2="7">
    <subfield code="a">Sistemas operacionales (Computadores)</subfield>
    <subfield code="v"> Diccionarios.</subfield>
    <subfield code="2">BLAAUTO</subfield>
    <subfield code="9">61361</subfield>
  </datafield>
  <datafield tag="700" ind1="1" ind2=" ">
    <subfield code="a">Morales Jareno, Isabel, </subfield>
    <subfield code="e">tr.</subfield>
    <subfield code="9">61362</subfield>
  </datafield>
  <datafield tag="700" ind1="1" ind2=" ">
    <subfield code="a">Joyanes Aguilar, Luis,</subfield>
    <subfield code="e">rev.</subfield>
    <subfield code="9">61363</subfield>
  </datafield>
  <datafield tag="710" ind1="2" ind2=" ">
    <subfield code="a">Universidad Blas Pascal </subfield>
    <subfield code="c">(C&#xF3;rdoba, Argentina), </subfield>
    <subfield code="e">tr.</subfield>
    <subfield code="9">61364</subfield>
  </datafield>
  <datafield tag="942" ind1=" " ind2=" ">
    <subfield code="2">ddc</subfield>
    <subfield code="c">BK</subfield>
  </datafield>
  <datafield tag="949" ind1=" " ind2=" ">
    <subfield code="a">n    </subfield>
    <subfield code="b">n</subfield>
  </datafield>
  <datafield tag="999" ind1=" " ind2=" ">
    <subfield code="c">57696</subfield>
    <subfield code="d">57696</subfield>
  </datafield>
  <datafield tag="952" ind1=" " ind2=" ">
    <subfield code="0">0</subfield>
    <subfield code="1">0</subfield>
    <subfield code="2">ddc</subfield>
    <subfield code="4">0</subfield>
    <subfield code="7">0</subfield>
    <subfield code="8">GEN</subfield>
    <subfield code="a">MELEJANI</subfield>
    <subfield code="b">MELEJANI</subfield>
    <subfield code="c">GEN</subfield>
    <subfield code="d">2025-07-24</subfield>
    <subfield code="l">0</subfield>
    <subfield code="o">R001.6403  F73d </subfield>
    <subfield code="p">LEJ00807</subfield>
    <subfield code="r">2025-07-24 14:55:18</subfield>
    <subfield code="t">Ej.1</subfield>
    <subfield code="w">2025-07-24</subfield>
    <subfield code="y">BK</subfield>
  </datafield>
</record>
